| 000 | 00582pam a2200193 a 4500 | ||
|---|---|---|---|
| 001 | 4907462 | ||
| 005 | 20250131204810.0 | ||
| 008 | 940824s1995 ctu f 000 0 eng c | ||
| 020 | _a9780838581964 | ||
| 050 | 0 | 0 |
_aRC78 _b.Q53 1995 |
| 082 | 0 | 0 |
_a616.07/57 _220 |
| 245 | 0 | 0 |
_aQuick reference to radiology / _c[edited by] John C. Lipman. |
| 260 |
_aNorwalk, Conn. : _bAppleton & Lange, _cc1995. |
||
| 300 |
_axi, 482 p. ; _c22 cm. |
||
| 650 | 0 |
_aRadiography, Medical _xHandbooks, manuals, etc. |
|
| 650 | 1 | 2 |
_aRadiography _xhandbooks. |
| 700 | 1 | _aLipman, John C. | |
| 942 |
_2lcc _cBK _n0 |
||
| 999 |
_c3339 _d3339 |
||